000 00384nam a2200145Ia 4500
008 200103s9999||||xx |||||||||||||| ||und||
020 _a0070990727,
040 _aIMU-MPC
082 _aColumn-19
100 _aScheid, Francis
245 0 _aTheory and problems of introduction to computer Science
260 _bSchaum's Outline Series, Singapore
_c1983
300 _a281
942 _cBK
999 _c6448
_d6448